| 000 | 00357 a2200157 4500 | ||
|---|---|---|---|
| 001 | 154868 | ||
| 040 | _cEscola São Tomás de Aquino | ||
| 100 | _aTOSCANO, Carlos | ||
| 240 | 1 | 0 |
_aFísica para o ensino médio _lpor |
| 245 | 1 | 0 | _aFísica para o ensino médio |
| 300 | _a480 | ||
| 362 | 0 | _a2002 | |
| 440 | 1 | _aScipione | |
| 697 | _aFÍSICA | ||
| 942 | _cBK | ||
| 999 |
_c154868 _d154868 |
||